000
00267nam a2200097Ia 4500
001
689619
005
20250826161637.0
008
250824s9999 xx 000 0 und d
245
0
_a
TARİHİMİZDEKİ MUHTEŞEM MEKTUPLAR
_c
NECDET BAYRAKTAROĞLU
260
_b
HAYAT YAYINLARI
999
_c
689619
_d
689619